000 00318nam a22001337a 4500
008 180306b xxu||||| |||| 00| 0 eng d
020 _a9780312436261
041 _aeng
080 _a82
100 _a21
101 _aGJL
245 _aFrom critical thinking to argument a portable guide
_cBarnet,S
942 _2udc
_cBK
999 _c44169
_d44169